00677cam a2200205 a 4500008004100000020002100041100004000062245011400102260003600216300003600252500002000288504004100308650002100349650002100370650002500391700002800416003000100444005001700445040000900462  a0240802152 (hbk)1 aKallenberger, Richard H.q(Richard)10aFilm into video :ba guide to merging the technologies /cRichard H. Kallenberger and George D. Cvjetnicanin. aBoston :bFocal Press ,cc1994. axviii, 369 p. :bill. ;c26 cm. aIncludes index. aIncludes bibliographical references. 0aTelevision film. 0aVideo recording. 0aMotion picture film.1 aCvjetnicanin, George D.20230123133243.0 cNUST